000
00225nam a22000857a 4500
008
170203b xxu||||| |||| 00| 0 eng d
100
_9
2770
_a
Annamalai University
245
_a
Financial management
260
_a
New Delhi
_b
Patha
_c
2010
999
_c
5961
_d
5961